[Event "Vojvodina-chT"]
[Site "Novi Sad"]
[Date "2017.11.19"]
[Round "10.4"]
[White "Kecskemeti, Arpad"]
[Black "Stikovic, Dobrica"]
[Result "1-0"]
[WhiteElo "2216"]
[BlackElo "2182"]
[PlyCount "59"]
[EventDate "2017.11.13"]
[EventType "team-tourn"]
[EventRounds "11"]
[EventCountry "SRB"]
[SourceTitle "CBM 181 Extra"]
[Source "ChessBase"]
[SourceDate "2017.12.12"]
[SourceVersion "1"]
[SourceVersionDate "2017.12.12"]
[SourceQuality "1"]
[WhiteTeam "Pacir Backa"]
[BlackTeam "Gajdobra Hercegovac"]
[WhiteTeamCountry "SRB"]
[BlackTeamCountry "SRB"]

1. e4 e6 2. d4 d5 3. Nc3 Bb4 4. e5 c5 5. a3 Bxc3+ 6. bxc3 Ne7 7. Qg4 Qc7 8. Qxg7 Rg8 9. Qxh7 cxd4 10. Ne2 Nbc6 11. f4 dxc3 12. h4 Bd7 13. h5 0-0-0 14. Qd3 Nf5 15. h6 Rg6 16. h7 Rh8 17. Rh3 Rg7 18. Nxc3 Na5 19. a4 Nc4 20. Ba3 Qa5 21. Bf8 Rgxh7 22. Rxh7 Rxh7 23. Rb1 Rh1 24. g3 Nfe3 25. Kf2 Rh2+ 26. Kg1 Rd2 27. Qh7 Qxc3 28. Qh8 Kc7 29. Bd6+ Kc6 30. Qb8 1-0

[Event "Gligoric Cup 4th"]
[Site "Novi Banovci"]
[Date "2017.05.28"]
[Round "5.5"]
[White "Kovacevic, Dragan"]
[Black "Stikovic, Dobrica"]
[Result "1-0"]
[WhiteElo "2244"]
[BlackElo "2186"]
[PlyCount "67"]
[EventDate "2017.05.25"]
[EventType "team-swiss"]
[EventRounds "5"]
[EventCountry "SRB"]
[SourceTitle "CBM 178 Extra"]
[Source "ChessBase"]
[SourceDate "2017.06.22"]
[SourceVersion "1"]
[SourceVersionDate "2017.06.22"]
[SourceQuality "1"]
[WhiteTeam "Stara Pazova"]
[BlackTeam "Gajdobra Hercegovac"]
[WhiteTeamCountry "SRB"]
[BlackTeamCountry "SRB"]

1. e4 e6 2. d3 d5 3. Nd2 Nf6 4. c3 c5 5. Ngf3 Nc6 6. Be2 Be7 7. 0-0 0-0 8. Re1 Qc7 9. Qc2 b6 10. Nf1 Bb7 11. Ng3 Rfd8 12. Bf1 dxe4 13. dxe4 Ng4 14. b3 Rd7 15. Bb2 Nge5 16. Nxe5 Qxe5 17. Rad1 Rad8 18. Rxd7 Rxd7 19. Rd1 Rxd1 20. Qxd1 Qd6 21. Qc2 Bf6 22. Bc1 Be5 23. Be2 Bf4 24. Bxf4 Qxf4 25. Qd1 Qc7 26. Qd2 Qd8 27. Qe3 Qd6 28. f4 Ne7 29. e5 Qd7 30. h3 h6 31. Kh2 Qd8 32. Bd3 Qd7 33. a4 Nd5 34. Qd2 1-0

[Event "Vojvodina-ch 4th"]
[Site "Novi Sad"]
[Date "2013.07.04"]
[Round "9"]
[White "Drazic, Sinisa"]
[Black "Stikovic, Dobrica"]
[Result "1-0"]
[WhiteElo "2463"]
[BlackElo "2228"]
[PlyCount "57"]
[EventDate "2013.06.28"]
[EventType "swiss"]
[EventRounds "9"]
[EventCountry "SRB"]
[SourceTitle "CBM 155 Extra"]
[Source "ChessBase"]
[SourceDate "2013.08.26"]
[SourceVersion "1"]
[SourceVersionDate "2013.08.26"]
[SourceQuality "1"]

1. d4 e6 2. c4 d5 3. Nc3 Be7 4. cxd5 exd5 5. Bf4 Nf6 6. e3 0-0 7. Qc2 a6 8. h3 c5 9. dxc5 Bxc5 10. Nf3 Nc6 11. a3 d4 12. 0-0-0 Be6 13. Kb1 dxc3 14. Rxd8 Rfxd8 15. Bd3 cxb2 16. Ng5 Bxa3 17. Bxh7+ Kh8 18. Nxe6 fxe6 19. Bg6 Rd5 20. Qb3 Bb4 21. Rd1 Rxd1+ 22. Qxd1 Rd8 23. Qb3 Rd2 24. Qxe6 Bc3 25. Bd6 Rd1+ 26. Ka2 Na5 27. Qc8+ Ng8 28. Bb1 Bf6 29. Qc2 1-0

[Event "Vojvodina-ch 4th"]
[Site "Novi Sad"]
[Date "2013.07.02"]
[Round "7"]
[White "Saric, Sinisa"]
[Black "Stikovic, Dobrica"]
[Result "1-0"]
[WhiteElo "2412"]
[BlackElo "2228"]
[PlyCount "55"]
[EventDate "2013.06.28"]
[EventType "swiss"]
[EventRounds "9"]
[EventCountry "SRB"]
[SourceTitle "CBM 155 Extra"]
[Source "ChessBase"]
[SourceDate "2013.08.26"]
[SourceVersion "1"]
[SourceVersionDate "2013.08.26"]
[SourceQuality "1"]

1. d4 e6 2. c4 d5 3. Nc3 Be7 4. Nf3 Nf6 5. cxd5 exd5 6. Bg5 0-0 7. Qc2 Nbd7 8. e3 Re8 9. Bd3 Nf8 10. 0-0 c6 11. Ne5 N6d7 12. Bf4 Nxe5 13. dxe5 Ng6 14. Bg3 Bh4 15. Bxh4 Qxh4 16. f4 Qe7 17. Kh1 Nf8 18. Qf2 Rd8 19. Rad1 b6 20. Qg3 Re8 21. Rd2 a5 22. Bc2 Ba6 23. Rfd1 Rad8 24. e4 d4 25. Rxd4 Rxd4 26. Rxd4 Rd8 27. f5 Kh8 28. Rd6 1-0